000 00809nam a22003017a 4500
003 IBSLLIB
005 20260510093804.0
008 260510b |||||||| |||| 00| 0 eng d
020 _a0745305946
040 _aIBSLLIB
_beng
041 _hENGLISH
082 _a336.3
_bGEO
100 _aGeorge , Susan
245 _aThe Debt Boomerang
_bHow Third World Debt Harms Us All
260 _aUSA ;
_bPluto Press
_c1992
300 _a202 P ;
_c21 cm
650 _aThe Debt Boomerang
653 _aThe Boomerang Shows How
653 _aDeforestation
653 _aCocaine
653 _aYou Are Paying
653 _aJobs
653 _aImmigration
653 _aConflict and War
653 _aHow Northern Taxpayers are Bailing Out The Banks
653 _aLost Jobs and Markets
942 _cLBK
999 _c22095
_d22095